000 01102nam a22002777a 4500
001 8817
003 FISKH
005 20251211120834.0
008 251021b cb ||||| |||| 00| 0 eng d
040 _aFISKH
_bkhr
_cFISKH
_dFISKH
050 _aPZ7
082 _a398,2
100 _aAnonymous
245 _aដំណើរកំសាន្តទៅកាន់សួនសត្វ :
_bA visit to the zoo /
_cBy Anonymous
260 _aPhnom Penh :
300 _a24 pages :
_bcolor illustrations ;
_c21 cm .
505 _aM
520 _aពូរបស់ ភីតធើ ឈ្មោះ បេន​ បាននាំកូនគាត់ទាំង២ទៅលេងសួនសត្វ ។​
520 _aPeter's uncle, Mr.Ben came with his two children to visit a zoo .
521 8 _a550
_bLexile estimate
521 8 _aM
_bRaz-Plus
650 _aដំណើរកំសាន្តទៅកាន់សួនសត្វ
_vរឿងនិទានកុមារ​
650 _aA visit to the zoo
_vChildren's Stories
942 _2ddc
_cKHB
_n0
999 _c8817
_d8817